00806nam a22002297a 4500003000900000008004100009040007100050082001800121110002000139245003200159260005300191300002600244440005200270505010300322650003100425650002400456650001600480700001800496700001900514700002100533700002200554AR-CdUCM190306b ||||| |||| 00| 0 spa d aMUNICIPALIDAD PROVINCIAL DEL CUSCOcBIBLIOTECA MUNICIPAL DEL CUSCO a803.08 /bB46 aDigest, Readers aBiblioteca de selecciones / aMéxico :bEditora san Mateo Tecoloapan,c1969. a479 paginas /c19 cm. alas obras contemporáneos de mayor éxiton49 aContenido :La madona de la cocina -- Torre de babel -- El zorro y el perro -- Al filo del cristal. aHistorias contemporáneas aLiteratura francesa aHistorietas aGodden, Rumer aWest, Morris L aMannix, Daniel P aGaskin, Catherine